00774cam a2200241 a 450000100100000000500170001000800410002701500130006802000240008104000230010504300120012808200170014010000480015724500580020526000290026330000210029249000370031350400530035065000110040365000430041465100360045783000390049300001483920240528102200.0780308s1976 sp b 000 0 spa  aSp77-May a843250324Xc150ptas aDO-SdBNPcDLCdDLC ae-sp--- a320.1bF363e1 aFernández de la Mora, Gonzalo.d1924-200213aEl estado de obras /cGonzalo Fernández de la Mora. aMadrid :bDoncel,c1976. a412 p. ;c18 cm.1 aEl Libro de bolsillo Doncelv100 aIncluye bibliografía del autor(p. [409] -412). 0aEstado 4aCiencia políticazEspañaxHistoria 4aEspañaxPolítica Y Gobierno 0aEl Libro de bolsillo Doncel ;v100